Modern public finance
| Main Author: | |
|---|---|
| Format: | Book |
| Published: |
Homeward Illinois :
Richard D. Irwin ,
1967
|
| Subjects: |
MARC
| LEADER | 00000cam a2200000 7i4500 | ||
|---|---|---|---|
| 001 | 0000007767 | ||
| 005 | 20160922.0 | ||
| 040 | |a INS | ||
| 090 | 0 | 0 | |a HJ141 |b H47 1967 |
| 100 | 0 | |a Herber, Bernard P | |
| 245 | 0 | 0 | |a Modern public finance |c Bernard P. Herber |
| 260 | |a Homeward Illinois : |b Richard D. Irwin , |c 1967 | ||
| 300 | |a 535p ; |c 23 cm. | ||
| 650 | 0 | 0 | |a Finance |x Public |
| 999 | |a 0000023581 |b BOOK |c Open Shelf |e Default branch | ||